Top Streaming Services in the U.S. by Subscribers - Statistics

General Stats
  • This quiz has been taken 26 times
  • The average score is 6 of 10
Answer Stats
Subscribers Streaming Service % Correct
87.8m Netflix
96%
55.3m Disney Plus
87%
59.4m HBO Max
87%
75.0m Amazon Prime
78%
58.7m Paramount Plus
78%
64.1m Hulu
74%
18.0m Apple TV
70%
44.0m Peacock
48%
24.9m ESPN
22%
11.6m AMC Plus
9%
No matching quizzes found
Score Distribution
Percent of People with Each Score
Percentile by Number Answered
Your Score History
You have not taken this quiz